| 000 | 01463nam0a22003011 4500 | ||
|---|---|---|---|
| 001 | rc\2291262 | ||
| 005 | 20260406211356.0 | ||
| 035 | _a(NLR Aleph) 006503577 | ||
| 090 |
_a6256584 _c6256584 |
||
| 100 | _a20110829d1977 |||y0rusy50 ca | ||
| 101 | 0 | _arus | |
| 102 | _aRU | ||
| 105 | _aa z ||||| | ||
| 200 | 1 |
_aАвтоматизированная поисковая информационная система (АПИС) _eПакет прикл. программ автоматизир. обработки текстовой информации _fМ-во угольн. пром-сти СССР. ВНИИ упр. угольной пром-сти. ВНИИУуголь |
|
| 210 |
_aМосква _cБ. и. _d1977 |
||
| 215 |
_a139 с. _cил. _d20 |
||
| 300 | _aНа 8-й с.: исполн. инженеры Андросова Л.В., Анно Е.И., Голома К.В., Шумакова Л.Л. | ||
| 605 | 1 | 1 |
_aПакет прикладных программ автоматизированной обработки текстовой информации _2psbo |
| 702 | 1 |
_aГолома _bК.В. _4570 |
|
| 702 | 1 |
_aШумакова _bЛ.Л. _4570 |
|
| 702 | 1 |
_aАнно _bЕ.И. _4570 |
|
| 702 | 1 |
_aАндросова _bЛ.В. _4570 |
|
| 712 | 0 | 2 |
_aВНИИ упр. угольной промышленности _3RU\NLR\AUTH\889968481 _9433367 |
| 801 | 0 |
_aRU _bNLR _gpsbo |
|
| 801 | 1 |
_aRU _bELAR _2rusmarc |
|
| 852 |
_aNLR _j77-3/12378 |
||
| 942 | _cBOOK | ||
| 980 | _aNB | ||